000 01783cac a2200277 a 4500
003 CO-PeBPM
005 20251219105319.0
008 231129s2010||||ck a||||||||||||| ||spa||
020 _a9789587151169
040 _aCO-PeBPM
_bspa
_cCO-PeBPM
_erda
041 _aspa
082 0 4 _a158.1 M828v
_222
100 1 _aMorales, Hada Marí­a
_eautora
245 1 0 _aVí­stete para triunfar
_c/ Hada María Morales
250 _aPrimera edición
260 _aBogotá, Colombia
_b: San Pablo
_c, 2010
300 _a172 páginas
_bilustraciones en blanco y negro
_c18 centimetros
490 _aColección Superación
500 _aIncluye índice al final del texto
500 _aContiene datos biográficos de la autora
520 _aEl mercado de trabajo es muy dinámico y muchas personas no logran encontrar empleos por falta de preparación, no solo en el área académica sino porque no comprenden lo que el empleador piensa o desea. Vístete para triunfar se enfoca en pasos sencillos que usted puede seguir y así aprovecharse de estas ventanas de oportunidad. La autora Hada María comparte tres elementos de profesionalismo: la actitud, la apariencia y la preparación para luego explicar que la clave es combinarlas y usarlas sabiamente. No hay uno de esos elementos que sea superior al otro; cada uno de ellos necesita el apoyo de los otros para poder conseguir el resultado deseado. Este libro expresa los temas fascinantes y casi incontables del proceso de una búsqueda de trabajo, el «arte» de una entrevista, de trabajo exitosa y de aprender a pensar como un empleador.
650 1 4 _aÉxito
_2LEMB
651 _2Superación
_aLEMB
942 _2ddc
_cBK
999 _c26366
_d26366